000
00301cam a22001217a 4500
008
180718b1972 xxu||||| |||| 00| 0 eng d
082
_a
H R199
100
_a
Rawls, John
245
_a
Theory of justice
_c
by John Rawls
260
_a
Oxford
_b
Clarendon Press
_c
1972
300
_a
607p.
650
_a
Justice
999
_c
352577
_d
352577